[Event "RUS-Cup"]
[Site "Tomsk"]
[Date "1999.??.??"]
[Round "3"]
[White "Sherstoboev, Maxim"]
[Black "Burmakin, Vladimir"]
[Result "0-1"]
[WhiteElo "2234"]
[BlackElo "2534"]
[PlyCount "50"]
[EventDate "1999.??.??"]
[EventType "swiss"]
[EventRounds "9"]
[EventCountry "RUS"]
[SourceTitle "EXT 2001"]
[Source "ChessBase"]
[SourceDate "2000.11.22"]
[SourceVersion "1"]
[SourceVersionDate "2000.11.22"]
[SourceQuality "1"]

1. e4 c6 2. d4 d5 3. exd5 cxd5 4. c4 Nf6 5. Nc3 g6 6. cxd5 Bg7 7. Be2 Nxd5 8. Bf3 Nb6 9. Nge2 Nc6 10. Be3 Nc4 11. Qd3 N6e5 12. Qe4 Nd6 13. Qc2 Nxf3+ 14. gxf3 0-0 15. Ne4 Nf5 16. 0-0-0 Nh4 17. N2g3 Nxf3 18. h4 Bg4 19. h5 Nxd4 20. Rxd4 Bxd4 21. hxg6 hxg6 22. Rh4 Rc8 23. Nc3 Bxe3+ 24. fxe3 Qd7 25. Rh1 Kg7 0-1

[Event "RUS-Cup"]
[Site "Tomsk"]
[Date "1999.??.??"]
[Round "1"]
[White "Sherstoboev, Maxim"]
[Black "Kotsur, Pavel"]
[Result "0-1"]
[WhiteElo "2234"]
[BlackElo "2499"]
[PlyCount "72"]
[EventDate "1999.??.??"]
[EventType "swiss"]
[EventRounds "9"]
[EventCountry "RUS"]
[SourceTitle "EXT 2001"]
[Source "ChessBase"]
[SourceDate "2000.11.22"]
[SourceVersion "1"]
[SourceVersionDate "2000.11.22"]
[SourceQuality "1"]

1. e4 c5 2. c3 d6 3. d4 Nf6 4. Bd3 cxd4 5. cxd4 g6 6. Nf3 Bg7 7. h3 0-0 8. 0-0 Nbd7 9. Nc3 e5 10. Be3 a6 11. b4 exd4 12. Bxd4 Nb8 13. Qb3 Nc6 14. Be3 Be6 15. Bc4 Bxc4 16. Qxc4 Nxe4 17. Nxe4 d5 18. Qc2 Nxb4 19. Qb3 dxe4 20. Rad1 Qe7 21. Bg5 Qe6 22. Qxb4 exf3 23. Qxb7 fxg2 24. Kxg2 Qxa2 25. Rfe1 h6 26. Be7 Rfb8 27. Qf3 Qa4 28. Bf6 Re8 29. Bxg7 Kxg7 30. Qc3+ Kg8 31. Qf6 a5 32. Rxe8+ Qxe8 33. h4 h5 34. Rd3 a4 35. Re3 Qf8 36. f4 Qd8 0-1